Loading...
കൃഷ്ണഗാഥ
| Main Author: | |
|---|---|
| Format: | Printed Book |
| Language: | English |
| Subjects: |
| LEADER | 00566nam a22001697a 4500 | ||
|---|---|---|---|
| 008 | 130716b xxu||||| |||| 00| 0 eng d | ||
| 020 | |a 9780000101129 | ||
| 082 | |a 294.5433 | ||
| 100 | |9 10 |a കുമാരനാശാന് | ||
| 245 | |a കൃഷ്ണഗാഥ |c ചെറുശ്ശേരി | ||
| 300 | |a 554p. | ||
| 600 | |a Cherussery | ||
| 630 | |a Krishnagatha | ||
| 650 | |a Poems | ||
| 942 | |2 ddc |c BK | ||
| 999 | |c 1226 |d 1226 | ||
| 952 | |0 0 |1 0 |2 ddc |4 0 |6 294_543300000000000_CHE |7 0 |9 1297 |a MAIN |b MAIN |d 2013-07-16 |l 5 |o 294.5433 CHE |p 1336 |r 2019-10-23 |s 2019-10-14 |w 2013-07-16 |y BK | ||